Complex manifolds and deformation of complex structures /
Guardado en:
| Autor Principal: | |
|---|---|
| Formato: | Libro |
| Idioma: | English Japanese |
| Publicado: |
New York :
Springer-Verlag,
c1986.
|
| Series: | Grundlehren der mathematischen Wissenschaften ;
283 |
| Materias: | |
| Etiquetas: |
Agregar Etiqueta
Sin Etiquetas, Sea el primero en etiquetar este registro!
|
| LEADER | 01005pam a2200289 a 4500 | ||
|---|---|---|---|
| 001 | MAT.inmabb004123 | ||
| 008 | 850425s1986####nyua#####b####001#0#eng## | ||
| 005 | 20130322171944.0 | ||
| 245 | 1 | 0 | |a Complex manifolds and deformation of complex structures / |c Kunihiko Kodaira ; translated by Kazuo Akao. |
| 260 | |a New York : |b Springer-Verlag, |c c1986. | ||
| 300 | |a x, 465 p. : |b il. ; |c 25 cm. | ||
| 440 | 0 | |a Grundlehren der mathematischen Wissenschaften ; |v 283 | |
| 500 | |a Traducción de: Fukuso tayotairon. Tokyo: Iwanami Shoten, 1981. | ||
| 504 | |a Bibliografía: p. [459]-460. | ||
| 510 | 4 | |a MR, |c 87d:32040 | |
| 020 | |a 0387961887 | ||
| 020 | |a 3540961887 (Alemania) | ||
| 100 | 1 | |a Kodaira, Kunihiko, |d 1915- | |
| 240 | 1 | 0 | |a Fukuso tayotairon. |l Inglés |
| 650 | 0 | |a Complex manifolds. | |
| 650 | 0 | |a Holomorphic mappings. | |
| 650 | 0 | |a Moduli theory. | |
| 084 | |a 32G05 (32-02) |2 msc2000 | ||
| 010 | |a 85009825 | ||
| 040 | |a DLC |c DLC |d DLC | ||
| 041 | 1 | |a eng |h jpn | |
| 859 | |h 32 |i K76 |p A-7351 |b BIB. MATEMATICA | ||
